MARC

LEADER 00000nam0a2200000 4500
001 261450
005 20231031221632.0
035 |a (RuTPU)RU\TPU\book\284430 
090 |a 261450 
100 |a 20140523d1939 k y0rusy50 ca 
101 0 |a rus 
102 |a RU 
105 |a a z 000zy 
200 1 |a Лабораторные работы по химии целлюлозы и целлюлозным пластикам  |f А. Б. Даванков 
210 |a Москва  |c ГОНТИ НКТП  |d 1939 
215 |a 236 с.  |c ил. 
606 1 |a Целлюлоза  |x Химия  |2 stltpush  |3 (RuTPU)RU\TPU\subj\17994 
610 1 |a лабораторные работы 
610 1 |a пластики 
610 1 |a свойства 
610 1 |a строение 
610 1 |a препараты 
610 1 |a получение 
610 1 |a сложные эфиры 
610 1 |a денитрация 
610 1 |a пластификаторы 
610 1 |a пленки 
610 1 |a пластические массы 
675 |a 676  |v 3 
700 1 |a Даванков  |b А. Б. 
801 1 |a RU  |b 63413507  |c 20140523 
801 2 |a RU  |b 63413507  |c 20140627  |g RCR 
942 |c BK